Subhas kannada-kannada-english and english-kannada nighantu (Record no. 104227)
[ view plain ]
| 000 -LEADER | |
|---|---|
| fixed length control field | 00950nam a2200277Ia 4500 |
| 003 - CONTROL NUMBER IDENTIFIER | |
| control field | OSt |
| 005 - DATE AND TIME OF LATEST TRANSACTION | |
| control field | 20250830093655.0 |
| 008 - FIXED-LENGTH DATA ELEMENTS--GENERAL INFORMATION | |
| fixed length control field | 210210b2000 xxu||||| |||| 00| 0 eng d |
| 040 ## - CATALOGING SOURCE | |
| Transcribing agency | AL |
| 041 ## - LANGUAGE CODE | |
| Language code of text/sound track or separate title | Kannada |
| 082 ## - DEWEY DECIMAL CLASSIFICATION NUMBER | |
| Classification number | K494.3 SHES |
| 100 ## - MAIN ENTRY--PERSONAL NAME | |
| Personal name | SHESHAGIRIRAV (L S). |
| Dates associated with a name | ಶೇಷಗಿರಿರಾವ್ (ಎಲ್ ಎಸ್) |
| 9 (RLIN) | 237547 |
| 245 ## - TITLE STATEMENT | |
| Title | Subhas kannada-kannada-english and english-kannada nighantu |
| Remainder of title | ಸುಭಾಷ್ ಕನ್ನಡ - ಕನ್ನಡ - ಇಂಗ್ಲಿಷ್ ಮತ್ತು ಇಂಗ್ಲಿಷ್- ಕನ್ನಡ ನಿಘಂಟು |
| 250 ## - EDITION STATEMENT | |
| Edition statement | 3 |
| 260 ## - PUBLICATION, DISTRIBUTION, ETC. | |
| Place of publication, distribution, etc. | Bangalore. |
| Name of publisher, distributor, etc. | Subhas Stationers., |
| Date of publication, distribution, etc. | 2000 |
| 300 ## - PHYSICAL DESCRIPTION | |
| Extent | 694 |
| 650 ## - SUBJECT ADDED ENTRY--TOPICAL TERM | |
| Topical term or geographic name entry element | Subhas |
| 9 (RLIN) | 237548 |
| 650 ## - SUBJECT ADDED ENTRY--TOPICAL TERM | |
| Topical term or geographic name entry element | nighantu. |
| 9 (RLIN) | 237549 |
| 650 ## - SUBJECT ADDED ENTRY--TOPICAL TERM | |
| Topical term or geographic name entry element | kannada-kannada-english |
| 9 (RLIN) | 237550 |
| 650 ## - SUBJECT ADDED ENTRY--TOPICAL TERM | |
| Topical term or geographic name entry element | english-kannada |
| 9 (RLIN) | 237551 |
| 650 ## - SUBJECT ADDED ENTRY--TOPICAL TERM | |
| Topical term or geographic name entry element | Ed |
| 9 (RLIN) | 237552 |
| 650 ## - SUBJECT ADDED ENTRY--TOPICAL TERM | |
| Topical term or geographic name entry element | 3. |
| 9 (RLIN) | 237553 |
| 690 ## - LOCAL SUBJECT ADDED ENTRY--TOPICAL TERM (OCLC, RLIN) | |
| Topical term or geographic name as entry element | Kannada Dictionary |
| 9 (RLIN) | 237554 |
| 906 ## - LOCAL DATA ELEMENT F, LDF (RLIN) | |
| a | 057017 |
| 942 ## - ADDED ENTRY ELEMENTS (KOHA) | |
| Source of classification or shelving scheme | Dewey Decimal Classification |
| Koha item type | Book |
| Withdrawn status | Lost status | Source of classification or shelving scheme | Damaged status | Not for loan | Collection code | Home library | Current library | Date acquired | Source of acquisition | Cost, normal purchase price | Total Checkouts | Full call number | Barcode | Date last seen | Price effective from | Koha item type |
|---|---|---|---|---|---|---|---|---|---|---|---|---|---|---|---|---|
| Dewey Decimal Classification | Kannada | St Aloysius Library | St Aloysius Library | 02/17/2021 | U R Shenoy & Sons, Mangalore. | 150.00 | K494.3 SHES | 057017 | 02/17/2021 | 02/17/2021 | Book | |||||
| Dewey Decimal Classification | Kannada | St Aloysius Library | St Aloysius Library | 02/17/2021 | School Book Company, Mangalore. | 165.00 | K494.3 SHES | 058039 | 02/17/2021 | 02/17/2021 | Book |